El manifiesto de la educación /

Guardado en:
Detalles Bibliográficos
Autor principal: Mendel, Gérard (autor)
Otros autores: Vogt, Christian (autor) (autor), Sánchez Ferlosio, José Antonio (traducción) (traducción)
Formato: Libro
Idioma:Español
Publicado: Madrid, España : Siglo XXI, 1975, c1975
Colección:(Educación)
Temas:
Etiquetas: Agrega una etiqueta
Sin etiquetas, Sé el primero en etiquetar este registro!

MARC

LEADER 00000nam^a2200000^a^4500
001 000074134
005 20250521000000.0
009 20260310091653.752
020 |a 84-323-0183-3 
037 |a Acervo ITESO - Biblioteca 
041 |a ESP 
082 |a 370. 1933  |b MEN 
100 |a Mendel, Gérard  |e (autor) 
245 1 3 |a El manifiesto de la educación /  |c G. Mendel, C. Vogt ; tr. por J.A. Sánchez Ferlosio. 
264 4 |a Madrid, España :  |b Siglo XXI,  |c 1975, c1975 
300 |a 324 p. 
336 |a texto  |b txt  |2 rdacontenido 
337 |a sin mediación  |b n  |2 rdamedio 
338 |a volumen  |b nc  |2 rdasoporte 
440 1 |a (Educación) 
500 |a Traducción de: Le manifeste éducatif 
649 |a XX 
650 |a Objetivo Educativo 
650 |a Sociología de la Educación -  |x Tema Principal 
650 |a Educación 
700 |a Vogt, Christian  |e (autor) 
700 |a Sánchez Ferlosio, José Antonio  |e (traducción) 
910 |a Fondo Armando Suárez Gómez 
920 |a Impresos - Libros 
930 |a Fondos Especiales 
905 |a 111 
901 |a 0700004679  |b IT2  |c ESP  |u 20250521 
902 |a https://opac.biblio.iteso.mx/vufind/Record/000074134